|
|
|
|
| LEADER |
00000nam0a2200000 4500 |
| 001 |
194569 |
| 005 |
20231101224549.0 |
| 010 |
|
|
|a 9785986721507
|
| 010 |
|
|
|a 978-5-7418-0596-1
|
| 035 |
|
|
|a (RuTPU)RU\TPU\book\212207
|
| 035 |
|
|
|a BOOK00000017
|
| 035 |
|
|
|a RU\TPU\book\31436
|
| 035 |
|
|
|a RU\TPU\book\168194
|
| 090 |
|
|
|a 194569
|
| 100 |
|
|
|a 20011209d2009 km y0rusy50 ca
|
| 101 |
0 |
|
|a rus
|
| 102 |
|
|
|a RU
|
| 105 |
|
|
|a a z 001zy
|
| 200 |
1 |
|
|a Разрушение горных пород
|f Ю. И. Протасов
|g Московский государственный горный университет
|
| 205 |
|
|
|a 4-е изд., стер.
|
| 210 |
|
|
|a Москва
|c Горная книга
|c Изд-во МГГУ
|d 2009
|
| 215 |
|
|
|a 453 с.
|c ил.
|
| 225 |
1 |
|
|a Физические процессы горного производства
|v Вып. 2
|
| 320 |
|
|
|a Библиогр.: с. 449-450.
|
| 330 |
|
|
|a Рассмотрена механика разрушения горных пород на основе современных теорий развития трещин в твердых телах. Описаны условия, при которых достигается максимальная эффективность разрушения пород. Показано, что все способы разрушения горных пород имеют общую природу, что дает возможность рассчитывать оптимальные режимы разрушения породы различными способами по одной методике с использованием закона сохранения энергии. Изложены практически все известные способы разрушения: механические (резцом, шарошкой, ударом, струей воды, взрывом взрывчатых веществ, расширяющими средствами), термические (поверхностное, объемное и расплавлением), электроразрядное и комбинированные применительно к отбойке кусков породы от массива. Уделено внимание разрушению кусков породы при их дроблении и измельчении. Для студентов высших учебных заведений, обучающихся по специальности «Физические процессы горного и нефтегазового производства» направления подготовки «Горное дело».
|
| 451 |
|
1 |
|0 (RuTPU)RU\TPU\book\31436
|y 5-7418-0032-7
|t Разрушение горных пород
|o учебник для вузов
|f Ю. И. Протасов
|g Московский государственный горный университет
|e 2-е изд., стереотип.
|c М.
|n Изд-во Московского гос. горного ун-та
|d 2001
|p 453 с.
|s Высшее горное образование
|a Протасов, Юрий Иванович
|
| 606 |
1 |
|
|a Горные породы
|x Разрушение
|x Физический способ
|2 stltpush
|3 (RuTPU)RU\TPU\subj\8038
|9 35532
|
| 610 |
1 |
|
|a горное дело
|
| 610 |
1 |
|
|a механика
|
| 610 |
1 |
|
|a минералы
|
| 610 |
1 |
|
|a трещины
|
| 610 |
1 |
|
|a отбойка
|
| 610 |
1 |
|
|a дробление
|
| 610 |
1 |
|
|a измельчение
|
| 610 |
1 |
|
|a интенсификация
|
| 675 |
|
|
|a 622.236.2
|v 3
|
| 700 |
|
1 |
|a Протасов
|b Ю. И.
|g Юрий Иванович
|
| 712 |
0 |
2 |
|a Московский государственный горный университет (МГГУ)
|c (1993- )
|2 stltpush
|3 (RuTPU)RU\TPU\col\453
|
| 801 |
|
1 |
|a RU
|b 63413507
|c 20110418
|
| 801 |
|
2 |
|a RU
|b 63413507
|c 20150619
|g RCR
|
| 942 |
|
|
|c BK
|
| 959 |
|
|
|a 41/20110418
|d 2
|e 750,00
|f ЧЗТЛ:1
|f АНЛ:1
|